00636nam a2200169Ia 4500001001000000003000500010008004100015010001100056040000900067082002000076100002400096245009500120300002500215440001600240500010400256650010600360Para_8460CHAP220125s9999 xx 000 0 und d a206624 cCHAP aPA-C 595.752 A6 aKnowlton, George F. aA new juniper aphid from Utah with notes on a few other species /c by George F. Knowlton apaginación varía aAphidae; 15 aSobretiro de: The Florida Entomologist: 59-62; 4-8, 1928. Encuadernado con otros impresos similares ax Afididos x Colecciones de escritos x Afididos x Anatomía y Fisiología x Afididos x Utah